<?xml version="1.0" encoding="UTF-8"?>
<marc:record xmlns:marc="http://www.loc.gov/MARC21/slim">
   <marc:leader>00000nam a2200000 a 4500</marc:leader>
   <marc:datafield ind1="0" ind2="0" tag="245">
      <marc:subfield code="a">Halli Galli Junior [Spiel]</marc:subfield>
   </marc:datafield>
   <marc:datafield ind1=" " ind2="1" tag="264">
      <marc:subfield code="b">Amigo</marc:subfield>
   </marc:datafield>
   <marc:datafield ind1="1" ind2=" " tag="520">
      <marc:subfield code="a">Neun verschiedene Clowns tummeln sich in der Manege. Immer wenn zwei identische Clowns in der Manege zu sehen sind, musst du ganz schnell auf die Glocke schlagen und klingeln. Wer das am schnellsten kann, erhält viele Clownkarten. Wer am Schluss die meisten Clowns besitzt, gewinnt!</marc:subfield>
   </marc:datafield>
   <marc:datafield ind1=" " ind2=" " tag="020">
      <marc:subfield code="a">4007396077902</marc:subfield>
      <marc:subfield code="9">4007396077902</marc:subfield>
   </marc:datafield>
   <marc:datafield ind1=" " ind2=" " tag="500">
      <marc:subfield code="a">56 Clownkarten, 1 Glocke, 1 Spielanleitung</marc:subfield>
   </marc:datafield>
   <marc:datafield ind1="0" ind2=" " tag="490">
      <marc:subfield code="v">0</marc:subfield>
   </marc:datafield>
</marc:record>
